| 000 | 00807nam a2200241 i 4500 | ||
|---|---|---|---|
| 001 | 60367 | ||
| 003 | ES-MaACL | ||
| 005 | 20240509063053.0 | ||
| 007 | t| | ||
| 008 | 031104s1968 sp ||||1| cat d | ||
| 100 | 1 |
_aEspriu, Salvador, _d1913-1985 _947947 |
|
| 245 | 1 | 3 |
_aLa pell de brau = _bLa piel de toro / _cSalvador Espriu ; [traducción de Santos Hernández]. |
| 260 |
_aMadrid : _bCuadernos para el Diálogo, _c1968. |
||
| 300 |
_a167 p. ; _c18 cm. |
||
| 490 | 1 |
_aCuadernos para el diálogo ; _v3 |
|
| 546 | _aTexto en catalán y castellano. | ||
| 700 | 1 |
_aHernández, Santos. _962866 |
|
| 710 | 2 |
_aCuadernos para el Diálogo. _93333 |
|
| 740 | 3 | 2 | _aLa piel de toro. |
| 830 | 1 |
_aCuadernos para el diálogo ; _v3 _9181812 |
|
| 852 |
_aES-MaACL _jC-53340 |
||
| 999 |
_c60367 _d60367 |
||